000 00928nam a2200229 a 4500
001 23215
003 CO-ViMGA
008 141112s2004 ck r 000 u spa d
020 _a848055553X
040 _aCO-ViMGA
_bspa
_cCO-ViMGA
082 0 4 _a636 V45t
100 1 _aVillena Fernandez, Eduardo; \ Jiménez Ruiz, José
_933464
245 1 0 _aTécnico en Ganadería
260 _aEspaña :
_bCultural
300 _a3 v.
505 _aV. 1. : Morfologia y Fisiologia - - Razas ganaderas - - Equinos - - Alimentacion del ganado \ V. 2. : Alimentación del Ganado (ii) - - Manejo de la reproducción - - Higiene y patología Animal \ V. 3. : Instalaciones ganaderas - - Sistemas de reproducción - - La Empresa ganadera - - Producción Ganadera \
650 1 4 _aALIMENTOS PARA ANIMALES
650 1 4 _aESTABLOS
_950470
650 1 4 _aGANADO - REPRODUCCION
_933465
650 1 4 _aRAZAS DE GANADO VACUNO
_933466
942 _2ddc
_cBK
999 _c31465
_d31465